000 00326nam a2200157Ia 4500
008 240830s1913 xx 000 0 und d
041 _amar
082 _a1
100 _aKALOKHE
245 _aASHKTATA
250 _a1
260 _aSANGALI
_bN.D.
_c1913
300 _a100p
906 _aASHKTATA
999 _c1183902
_d1183902